| 000 | 00406nam a2200157 i 4500 | ||
|---|---|---|---|
| 001 | bg | ||
| 100 | 1 | _aDUMMEL, Ulrich | |
| 245 | 0 |
_aMessen und Regeln in der Heizungs-, Lüftungs- und Sanitärtechnik / _cUlrich Dümmel. |
|
| 250 | _a5. naubearb. Aufl. | ||
| 260 |
_aBerlin, _c1974. |
||
| 040 | _cBPK | ||
| 041 | _apol | ||
| 080 | _a697:62-5 | ||
| 942 | _cKS | ||
| 008 | s pl f |000 0 pol | ||
| 999 |
_c15968 _d15968 |
||
| 856 |
_uhttp://koha.tu.koszalin.pl/cgi-bin/koha/opac-detail.pl?biblionumber=15968 _yKatalog online BPK |
||